| 000 | 01727nam a2200289 i 4500 | ||
|---|---|---|---|
| 001 | 39660 | ||
| 003 | ES-MaACL | ||
| 005 | 20231221150402.0 | ||
| 007 | t| | ||
| 008 | 030303s1888 sp ||||1| spa d | ||
| 100 | 1 |
_aCánovas del Castillo, Antonio, _d1828-1897 _934600 |
|
| 245 | 1 | 0 |
_aEstudios del reinado de Felipe IV / _cAntonio Cánovas del Castillo. |
| 260 |
_aMadrid : _b[s.n.], _c1888 ( _fImp. de A. Pérez Dubrull) |
||
| 300 |
_a2 v. ; _c17 cm. |
||
| 490 | 1 |
_aColección de escritores castellanos. Historiadores ; _v67, 71 |
|
| 490 | 1 | _aObras de D. Antonio Cánovas del Castillo | |
| 505 | 8 | _aContiene: I. Revolución de Portugal: textos y reflexiones ; Negociación y rompimiento con la República inglesa ; Apéndice al estudio sobre la revolución de Portugal - II. Antecedentes y relación crítica de la batalla de Rocroy, con el principio y fin que tuvo la superioridad militar de los españoles en Europa ; Apéndice al estudio sobre la batalla de Rocroy, y el principio y fin que tuvo la superioridad militar... | |
| 530 | _aDisponible en formato digital. | ||
| 651 | 0 |
_aEspaña- _xHistoria- _y1621-1665, Felipe IV. _98235 |
|
| 830 | 1 |
_aColección de escritores castellanos. Historiadores ; _v67, 71 _9182453 |
|
| 830 | 1 |
_aObras de D. Antonio Cánovas del Castillo _9226529 |
|
| 852 |
_aES-MaACL _jF-12448-49 |
||
| 856 |
_uhttp://www.bibliotecavirtualdeandalucia.es/catalogo/es/consulta/registro.do?id=8287 _zBiblioteca Virtual de Andalucía |
||
| 856 |
_uhttps://bibliotecadigital.jcyl.es/es/consulta/registro.do?id=2901 _zBiblioteca Digital de Castilla y León |
||
| 856 |
_uhttp://bdh-rd.bne.es/viewer.vm?id=0000038270&page=1 _zBiblioteca Digital Hispánica _z(V. 2) |
||
| 999 |
_c39660 _d39660 |
||